|
|
|
|
| LEADER |
00000cam a2200000 7i4500 |
| 001 |
0000015334 |
| 005 |
20080324.0 |
| 008 |
080324 |
| 020 |
|
|
|a 9676116718
|
| 090 |
0 |
0 |
|a 923.2595
|b SIV
|
| 100 |
0 |
|
|a Sivamurugan Pandian
|
| 245 |
1 |
0 |
|a Abdullah Ahmad Badawi :
|b jalan ke puncak
|c Sivamurugan Pandian
|
| 260 |
|
|
|a Kuala Lumpur :
|b Utusan Publication & Doistributors ,
|c 2005
|
| 650 |
|
0 |
|a Malaysia
|x Politics and government
|
| 650 |
|
0 |
|a Prime Ministers
|x Malaysia
|x Biography
|
| 999 |
|
|
|a 0001017003
|b Book
|c Adult Collection
|e Cawangan Urban Transformation Centre
|
| 999 |
|
|
|a 0001017004
|b Book
|c Adult Collection
|e Perbadanan Perpustakaan Awam Johor
|
| 999 |
|
|
|a 0001017005
|b Book
|c Adult Collection
|e Perbadanan Perpustakaan Awam Johor
|